000 00323nam a2200145Ia 4500
100 _aTurban/ Leidner
650 _aIT for management
942 _cBK
366 _f25
245 _aInformation technology for management
260 _bWiley
_c2008
082 _a5.74
_bTUR
546 _aENGLISH
_celectronics
999 _c18978
_d18978